00675nam a22001697a 4500003000900000008004100009040007100050082002400121100002100145245006000166260003300226300002900259505016700288650001600455650001800471650001600489AR-CdUCM190329b ||||| |||| 00| 0 spa d aMUNICIPALIDAD PROVINCIAL DEL CUSCOcBIBLIOTECA MUNICIPAL DEL CUSCO a199.8 /bI53 / 1939 aIngenieros, Jose aProposiciones relativas al porvenir de la filosofía / aBuenos Aires :bRossoc1939. a17 volúmenes ;c21 cm. aContenido : La hipocresía de los filósofos -- La crisis filosófica del siglo XIX -- Hermenéutica y paleo-metafísica -- Perennidad de lo experiencial ... aFilosofía aProposiciones aFilósofos